000 01571nam0a2200349 i 4500
001 RU\NLR\BIBL_A\011561372
005 20240921223747.0
010 _a9785994918746
_92500
021 _aRU
_b2017-90125
_96445
035 _a(RuMoRGB)009463808
035 _a(NLR Aleph) 011561372
090 _a12278833
_c12278833
100 _a20171219d2017 um y0rusy50 ca
101 0 _arus
102 _aRU
105 _aa|||j|||000zy
200 1 _aАльтернативная коммуникация в обучении детей с ОВЗ
_e[методическое пособие]
_fС. Ю. Танцура, С. И. Кононова
210 _aМосква
_cТЦ Сфера
_cСфера образования
_d2017
215 _a59 с.
_cил., табл.
_d21
225 1 _aБиблиотека логопеда
_v9
320 _aБиблиогр.: с. 58
606 1 _aДети с ограниченными возможностями здоровья
_jМетодические пособия
_xВоспитание и обучение
_xКоммуникативный подход
_92285122
_3RU\NLR\AUTH\6601596790
610 0 _aальтернативная коммуникация
610 0 _aдети с ограниченными возможностями здоровья
686 _aЧ430.1,6(2)25,0
_2rubbk
686 1 _aЧ430.1я8
700 1 _aТанцюра
_bС. Ю.
_gСнежана Юрьевна
701 1 _aКононова
_bС. И.
_gСофья Игоревна
942 _cBOOK
980 _aNBR